Daddies at work / (Record no. 7228)

MARC details
000 -LEADER
fixed length control field 00937nam a22002777a 4500
001 - CONTROL NUMBER
control field 7228
003 - CONTROL NUMBER IDENTIFIER
control field FISKH
005 - DATE AND TIME OF LATEST TRANSACTION
control field 20250703100625.0
008 - FIXED-LENGTH DATA ELEMENTS--GENERAL INFORMATION
fixed length control field 250703b cb ||||| |||| 00| 0 eng d
020 ## - INTERNATIONAL STANDARD BOOK NUMBER
International Standard Book Number 9780689809989
040 ## - CATALOGING SOURCE
Original cataloging agency FISKH
Language of cataloging eng
Transcribing agency FISKH
Modifying agency FISKH
050 ## - LIBRARY OF CONGRESS CALL NUMBER
Classification number HF5381 .M399
082 ## - DEWEY DECIMAL CLASSIFICATION NUMBER
Classification number 331.7
100 ## - MAIN ENTRY--PERSONAL NAME
Personal name Merriam, Eve
245 ## - TITLE STATEMENT
Title Daddies at work /
Statement of responsibility, etc. by Eve Merriam ; Illustrated by Eugenie Fernandes
260 ## - PUBLICATION, DISTRIBUTION, ETC.
Place of publication, distribution, etc. New York :
Name of publisher, distributor, etc. Aladdin Paperback,
Date of publication, distribution, etc. 1989.
300 ## - PHYSICAL DESCRIPTION
Extent 23 unnumbered pages :
Other physical details color illustrations ;
Dimensions 21 cm
505 ## - FORMATTED CONTENTS NOTE
Formatted contents note E<br/>
520 ## - SUMMARY, ETC.
Summary, etc. Portrays daddies in different jobs, including sailor daddies, tailor daddies, and lawyer daddies with egg salad sandwiches in their briefcases.
521 8# - TARGET AUDIENCE NOTE
Target audience note 160<br/>
Source Lexile estimate<br/>
521 8# - TARGET AUDIENCE NOTE
Target audience note E<br/>
Source Raz-Plus<br/>
650 ## - SUBJECT ADDED ENTRY--TOPICAL TERM
Topical term or geographic name entry element Careers
Form subdivision Family
General subdivision Community helpers
700 ## - ADDED ENTRY--PERSONAL NAME
Personal name Fernandes, Eugenie
Relator term illustrator
942 ## - ADDED ENTRY ELEMENTS (KOHA)
Source of classification or shelving scheme Dewey Decimal Classification
Koha item type Books
Suppress in OPAC No
Holdings
Withdrawn status Lost status Source of classification or shelving scheme Damaged status Not for loan Collection Home library Current library Shelving location Date acquired Total Checkouts Full call number Barcode Date last seen Copy number Price effective from Koha item type
    Library of Congress Classification     Non-Fiction Footprints International School Library Network Toul Kork Campus Footprints International School Library Network Toul Kork Campus TK Primary Library Room(4th Floor), Bookcase 7, Shelves 57-60, Dark Green Books 07/03/2025   MER 331.7 HF5381 .M399 FISBK072072 07/03/2025 1 07/03/2025 Books